EUROPEAN ORGANISATION FOR THE SAFETY OF AIR NAVIGATION (E-Book) (Record no. 196723)
[ view plain ]
| 000 -LEADER | |
|---|---|
| fixed length control field | 00328 a2200133 4500 |
| 003 - CONTROL NUMBER IDENTIFIER | |
| control field | Nust |
| 005 - DATE AND TIME OF LATEST TRANSACTION | |
| control field | 20170207154320.0 |
| 022 ## - INTERNATIONAL STANDARD SERIAL NUMBER | |
| International Standard Serial Number | 9782874970221 |
| 040 ## - CATALOGING SOURCE | |
| Transcribing agency | Nust |
| 245 ## - TITLE STATEMENT | |
| Title | EUROPEAN ORGANISATION FOR THE SAFETY OF AIR NAVIGATION (E-Book) |
| 260 ## - PUBLICATION, DISTRIBUTION, ETC. | |
| Date of publication, distribution, etc. | 2012 |
| 300 ## - PHYSICAL DESCRIPTION | |
| Extent | 88 p |
| 650 ## - SUBJECT ADDED ENTRY--TOPICAL TERM | |
| Topical term or geographic name entry element | Telecommunications engineering - (E-BOOK) |
| 942 ## - ADDED ENTRY ELEMENTS (KOHA) | |
| Source of classification or shelving scheme | |
| Koha item type | Book |
| Withdrawn status | Lost status | Source of classification or shelving scheme | Damaged status | Not for loan | Collection code | Permanent Location | Current Location | Date acquired | Total Checkouts | Full call number | Barcode | Date last seen | Price effective from | Koha item type |
|---|---|---|---|---|---|---|---|---|---|---|---|---|---|---|
| Military College of Signals (MCS) | Military College of Signals (MCS) | 12/12/2016 | 621 | MCSEB-3116 | 12/08/2016 | 12/12/2016 | Book |
